NAJBARDZIEJ LUBIANY PRZEDMIOT W SZKOLE - Statystyki

Ogólne statystyki
  • Ten quiz został rozwiązany 360 razy
  • Średni wynik to 4 z 6
Statystyki odpowiedzi
Odpowiedź % Poprawnych
WYCHOWANIE FIZYCZNE | WF
97%
PLASTYKA
82%
MUZYKA
74%
INFORMATYKA
65%
MATEMATYKA
64%
JĘZYK POLSKI
37%
Nie znaleziono quizów pasujących do podanych kryteriów
Rozkład punktacji
Procent ludzi z każdym wynikiem
Percentyl według liczby udzielonych odpowiedzi
Twoja historia wyników
Nie rozwiązałeś tego quizu